Premiers ministres français par image - Statistiques

Statistiques générales
  • Ce quiz a été pris 326 fois
  • Le résultat moyen est 18 sur 22
Statistiques - réponses
Par images Réponse % Correct
Jacques Chirac
98%
Edouard Philippe
97%
Manuel Valls
97%
François Fillon
94%
Georges Pompidou
93%
Lionel Jospin
93%
Edith Cresson
90%
Alain Juppé
88%
Dominique de Villepin
88%
Laurent Fabius
84%
Edouard Balladur
80%
Bernard Cazeneuve
78%
Jean-Marc Ayrault
76%
Jean-Pierre Raffarin
76%
Michel Rocard
75%
Pierre Bérégovoy
73%
Raymond Barre
70%
Pierre Mauroy
68%
Jacques Chaban-Delmas
66%
Michel Debré
61%
Pierre Messmer
56%
Maurice Couve de Murville
52%
Aucun quiz correspondant
Distribution des résultats
% des personnes avec chaque résultat
Percentile par nombre de réponses
Votre historique - résultats
Vous n’avez pas pris ce quiz